000 00409nam a2200133Ia 4500
008 220217s9999||||xx |||||||||||||| ||und||
020 _a81-219-2813-3
082 _a530 LAL
100 _aLal, Briji, Subrahmanyam, N and Hemne, P.S
_98066
245 0 _aHeat thermodynamics and statistical physics
260 _aS. Chand & company Ltd.
_bNew Delhi
_c2012
300 _aXIX,665p.
_b425
650 _aPHYSICS
999 _c182609
_d182609